00866 2200313 4500001002100000005001500021035002000036007000300056008004100059020002200100082000800122084001400130100002200144245013300166250002400299260003300323300003100356650003200387700001700419700002000436990001000456990001100466990001300477990001000490990001300500990001300513990001300526990001300539INLIS00000000000103620200205033544 a0010-1117000118ta200205 f 0 ind  a978-979-592-573-6 a297 a297 MAH s0 aMAHMUD, Al Mishri1 aSemua Ada Saatnya :bSeni menikmati hidup lebih seimbang /cMahmud Al-Mishri; penerjemah, Abdul Somad; penyunting, Muhamad Yasir aed.Indonesia, cet.1 aJakarta :bAl-Kautsar,c2011 axxviii, 364 hlm. ;c26 cm. 4aISLAM SEBAGAI PEDOMAN HIDUP0 aABDUL, Somad0 aMUHAMMAD, Yasir a12879 a12879a a12.879 A a12879 a12.879 B a12.879 A a12.879 A a12.879 B